000 00295nam a2200121Ia 4500
008 140130s9999 xx 000 0 und d
245 _cPaul Goble
_aThe Girl Who loved wild horses
260 _bScholastic,
_c1978
440 _v1
521 _aGrade 3 - Grade 4
942 _cBK
999 _c40934
_d40934